Compétitions de football - Statistiques

Statistiques générales
  • Ce quiz a été pris 133 fois
  • Le résultat moyen est 5 sur 48
Statistiques - réponses
Répondre % Correct
Euro
87%
Coupe du monde
74%
Ligue des champions
74%
Ligue Europa
50%
Coupe d'Afrique des Nations
46%
Ligue des Nations
38%
Copa América
30%
Coupe du Monde des clubs
23%
Coupe du monde des clubs
23%
Copa Libertadores
18%
Coupe d'Asie
18%
Coupe des Confédérations
14%
Ligue des champions africaine
9%
Supercoupe d'Europe
9%
Qualifications Euro
7%
Jeux Olympiques
5%
Coupe des coupes
3%
Coupe du monde féminine
2%
Euro U19
2%
Euro U21
2%
Barrages Coupe du monde
1%
Coupe de la CAF
1%
Qualification coupe d'Asie
1%
Qualification Coupe du Monde - AFC
1%
Qualification Coupe du Monde - CAF
1%
Qualification coupe du monde
1%
Qualification Coupe du Monde - Amérique du sud
1%
Qualification Coupe du Monde - CONCACAF
1%
Qualification Coupe du Monde - OFC
1%
Algarve Cup
0%
Championnat d’Europe des moins de 17 ans
0%
Coupe du Golfe des nations
0%
Coupe du monde -17 ans
0%
Coupe du monde -20 ans
0%
Coupe du monde féminine U17
0%
FIFA U-20 Women's World Cup
0%
Ligue BeNe féminine
0%
Qualification CAN
0%
TotalEnergies CAF Super Cup
0%
International Champions Cup
0%
Jeux d'Asie
0%
Ligue des champions arabe
0%
Ligue des champions féminine
0%
Ligues des champions asiatique
0%
Matches amicaux
0%
Scotiabank CONCACAF Champions League
0%
South American Championship
0%
Women's World Cup Qualification UEFA
0%
Aucun quiz correspondant
Distribution des résultats
% des personnes avec chaque résultat
Percentile par nombre de réponses
Votre historique - résultats
Vous n’avez pas pris ce quiz